Riego por aspersión

Uloženo v:
Podrobná bibliografie
Korporativní autor: Servicio de Conservación de Suelos. Departamento de Agricultura de los Estados Unidos de América (Autor)
Médium: Kniha
Jazyk:španělština
Vydáno: Ciudad de México Diana 1972
Edice:Ingeniería de Suelos, 6. Sección, 15: riego
Témata:
Tagy: Přidat tag
Žádné tagy, Buďte první, kdo vytvoří štítek k tomuto záznamu!

MARC

LEADER 00000nam a2200000 a 4500
001 UCU6568
003 CL-VaPUC
008 960621e19720000MX |||||||||||||||||spa|d
082 0 4 |a 631.587  |b SER  |2 21 
110 2 |a Servicio de Conservación de Suelos. Departamento de Agricultura de los Estados Unidos de América  |e author  |9 364799 
245 1 0 |a Riego por aspersión 
300 |a 102 p 
942 |c BK 
945 |d 19960621 00:00:00  |a cmena 
260 |a Ciudad de México  |b Diana  |c 1972 
650 0 |a Riego  |9 259685 
650 0 |a Riego por aspersión   |9 264849 
650 7 |a RIEGO SUPERFICIAL  |2 CL-VaPUC  |9 364800 
650 0 |a Tecnología agrícola  |9 325634 
583 |a last modification  |c 20160920 01:19:18  |k Rodrigo Vera 
490 0 |a Ingeniería de Suelos, 6. Sección, 15: riego 
999 |c 249428  |d 249426